Entry Personal Name
Number of records used in: 1
001 - CONTROL NUMBER
003 - CONTROL NUMBER IDENTIFIER
005 - DATE AND TIME OF LATEST TRANSACTION
- control field:
20200127104439.0
008 - FIXED-LENGTH DATA ELEMENTS
- fixed length control field:
930430n| acannaab| |n aaa c
010 ## - LIBRARY OF CONGRESS CONTROL NUMBER
- LC control number:
no 93012407
040 ## - CATALOGING SOURCE
- Original cataloging agency:
OO
- Transcribing agency:
OO
100 10 - HEADING--PERSONAL NAME
- Personal name:
Shepard, Andrea
670 ## - SOURCE DATA FOUND
- Source citation:
Saloner, G. Adoption of technologies with network effects, 1992:
- Information found:
t.p. (Andrea Shepard) p. following t.p. (Graduate School of Business, Stanford Univ. and NBER)